000 00262nam a2200097Ia 4500
008 230915s9999 xx 000 0 und d
050 _aLB 2831.9J66 2008 C.1
100 _aJONES,CAROLINE
245 0 _aLEADERSHIP AND MANAGEMENT IN THE EARLY YEARS
942 _cBK
999 _c169765
_d169765